Tradičné a nové nástroje riadenia rizika na finančnom trhu bakalárska práca

Saved in:
Bibliographic Details
Main Author: Spišák, Martin
Corporate Author: Národohospodárska fakulta EU. Katedra bankovníctva a medzinárodných financií
Other Authors: Kováčová, Jana
Format: Book
Language:Slovak
Published: Bratislava 2014
Tags: Add Tag
No Tags, Be the first to tag this record!

MARC

LEADER 00000nbm a2200000 4500
001 0189359
005 20170201085321.6
041 0 |a slo 
044 |a SK 
245 1 0 |a Tradičné a nové nástroje riadenia rizika na finančnom trhu  |b bakalárska práca  |c Martin Spišák ; školiteľ: Jana Kováčová 
264 1 |a Bratislava  |c 2014 
300 |a 49 s. 
100 1 |a Spišák, Martin 
700 1 |a Kováčová, Jana 
710 2 |a Národohospodárska fakulta EU. Katedra bankovníctva a medzinárodných financií